000 01740nam a22004457a 4500
003 CHAP
005 20220329143935.0
008 121004s2012 mx r 00010 spa d
010 _a104016
011 _a104988
035 _a115679
040 _cCHAP
090 _aTesis
100 1 _aBlas Andón, Veronica.
_913129
245 1 0 _aEstudios preliminares para el control biologico y químico del muérdago (Cladocolea loniceroides) en la Ciudad de México
_h[En línea]
_c/por Veronica Blas Andón
260 _aChapingo, Méx. :
_bEl autor,
_c2012
500 _aPara ver el contenido del material haga clic en la liga
502 _aTesis (M.C. en Ciencias Forestales) -- UACH. División de Ciencias Forestales
590 _aALEPH
_b10
_c20130110
_lUCH01
_h1547
590 _aBATCH-UPD
_b10
_c20130110
_lUCH01
_h0341
590 _aBATCH-UPD
_b10
_c20130110
_lUCH01
_h0349
590 _aBATCH-UPD
_b10
_c20130409
_lUCH01
_h2249
590 _aBATCH-UPD
_b10
_c20130409
_lUCH01
_h2257
590 _aBATCH-UPD
_b10
_c20130409
_lUCH01
_h2327
590 _aBATCH-UPD
_b10
_c20130913
_lUCH01
_h1951
590 _aBATCH-UPD
_b10
_c20140324
_lUCH01
_h1534
590 _aBATCH-UPD
_b10
_c20141002
_lUCH01
_h0855
590 _aBATCH
_b00
_c20181121
_lUCH01
_h0759
590 _aCONVERSION
_b10
_c20130109
_lUCH01
_h1357
650 1 4 _aÁrboles
_xEnfermedades.
_982436
650 1 4 _aÁrboles
_xPlagas.
_982440
650 1 4 _aMuérdago.
_979527
650 1 4 _aPlantas parásitas.
_989080
856 _3Finding aid
_uhttp://10.13.5.2/tesis/115679.pdf
_zTeclea aqui
856 _a1
_n0000972
901 _aBK
942 _cFOLL
949 _aTesis
_bBC
_cTES
_d33724002350298
_eTS1
_h54107
_i115679
_st
949 _aTesis
_bBC
_cTES
_d33724002350330
_eTS2
_fc.2
_h54108
_i115679
_st
999 _c104016
_d104016